000 00566nam a2200205Ia 4500
005 20250508151127.0
008 008 250505s9999 xx 000 0 hin d
037 _aTextBook
040 _aFEDL
_beng
_cFEDL
041 _ahin
_2eng
084 _a330.954, SAX
_qFEDL
100 _aSaxsena Shankar Sahaya
_9758467
245 0 _aBhartiya gramya arthshastra
260 _aPrayag, India
_bHindi Sahitya Sammelan
_c1948
300 _a492p
365 _aINR
_b7
650 _aEconomics-India
942 _cTB
_h330.954, SAX
999 _c1327749
_d1327749